Схимник: [роман]

Detalles Bibliográficos
Autor principal: Куатьэ А. де Анхель де
Otros Autores: Орлюк М. Е. (иллюстратор)
Sumario:На корешке авт.: Anhel' de Kuat'e
Lenguaje:ruso
Publicado: СПб., Нева, 2004
Colección:В поисках скрижалей кн. 1
Materias:
Formato: Libro
KOHA link:https://koha.lib.tpu.ru/cgi-bin/koha/opac-detail.pl?biblionumber=72396

MARC

LEADER 00000nam0a2200000 4500
001 72396
005 20231031083408.0
010 |a 5765432859 
035 |a (RuTPU)RU\TPU\book\77201 
090 |a 72396 
100 |a 20050120d2004 m y0rusy5002 ca 
101 1 |a rus  |c spa 
102 |a RU 
105 |a a z 000ay 
200 1 |a Схимник  |e [роман]  |f Анхель de Куатьэ  |g [худож. М. Е. Орлюк] 
210 |a СПб.  |c Нева  |d 2004 
215 |a 184, [1] с.  |c ил. 
225 1 |a В поисках скрижалей  |v кн. 1 
300 |a На корешке авт.: Anhel' de Kuat'e 
610 1 |a мистика 
610 1 |a фантастические романы 
610 1 |a фантастические рассказы 
675 |a 86  |v 3  |z rus 
700 1 |a Куатьэ  |b А. де  |g Анхель де 
702 1 |a Орлюк  |b М. Е.  |4 440 
801 0 |a RU  |b RKP  |c 20040722  |g PSBO 
801 1 |a RU  |b 63413507  |c 20050120  |g PSBO 
801 2 |a RU  |b 63413507  |c 20211216  |g PSBO 
942 |c BK